Tự mình cách biệt Tiểu luận

Tự mình cách biệt” có dáng dấp của một bút ký chuyện đời và chuyện nghề của một nhà văn vốn kiêm rất nhiều việc quan trọng: công chức ngoại giao, lãnh sự, và từng là chủ tịch Hội nhà văn Hà Nội Hồ Anh Thái. Cũng chỉ là những mẩu...

Πλήρης περιγραφή

Αποθηκεύτηκε σε:
Λεπτομέρειες βιβλιογραφικής εγγραφής
Κύριος συγγραφέας: Hồ, Anh Thái
Μορφή: Βιβλίο
Γλώσσα:Undetermined
Έκδοση: H. Trẻ 2019
Θέματα:
Διαθέσιμο Online:http://lrc.tdmu.edu.vn/opac/search/detail.asp?aID=2&ID=41373
Ετικέτες: Προσθήκη ετικέτας
Δεν υπάρχουν, Καταχωρήστε ετικέτα πρώτοι!
Thư viện lưu trữ: Trung tâm Học liệu Trường Đại học Thủ Dầu Một
LEADER 01582nam a2200217Ia 4500
001 TDMU_41373
008 210410s9999 xx 000 0 und d
082 |a 327.7300905 
090 |b H450 
100 |a Hồ, Anh Thái 
245 0 |a Tự mình cách biệt 
245 0 |b Tiểu luận 
245 0 |c Hồ Anh Thái 
260 |a H. 
260 |b Trẻ 
260 |c 2019 
300 |a 421tr. 
520 |a Tự mình cách biệt” có dáng dấp của một bút ký chuyện đời và chuyện nghề của một nhà văn vốn kiêm rất nhiều việc quan trọng: công chức ngoại giao, lãnh sự, và từng là chủ tịch Hội nhà văn Hà Nội Hồ Anh Thái. Cũng chỉ là những mẩu nho nhỏ, qua đó bày tỏ thái độ, quan niệm cũng như nguyên tắc cá nhân về rất nhiều điều tưởng chừng nhỏ nhặt nhưng thực ra là đại diện cho văn hóa sống, văn hóa công sở… Có thể có động chạm, vì đôi khi thói xấu do thói quen hay sự lười biếng mà thành, vì thế cuốn sách có thể mang lại nhiều ý kiến đánh giá trái ngược. 
650 |a Văn học hiện đại  |v Tiểu luận  |z Việt Nam; Văn học Việt Nam  |v Tiểu luận 
856 |u http://lrc.tdmu.edu.vn/opac/search/detail.asp?aID=2&ID=41373 
980 |a Trung tâm Học liệu Trường Đại học Thủ Dầu Một